000 00929nam a2200253 a 4500
001 41162
003 BD-RjUL
005 20211209053336.0
008 160516s2009 bg ||||| |||| 00| 0 ben d
020 _a9840747770
_c: Tk. 30.00
035 _a(BD-RjUL) 41278
040 _aBD-RjUL
_bben
_cBD-RjUL
041 _aben
082 _223
_a025.431
_bSAA 2009
100 1 _aসরকার, নিখিল চন্দ্র
_9121423
245 1 0 _aআধুনিক শ্রেণীকরণ :
_bব্যবহারিক /
_cনিখিল চন্দ্র সরকার
260 _aঢাকা :
_bবাংলা একাডেমী,
_c২০০৯
300 _a[৭], ২১৫ পৃ. ;
_c২১ সেমি.
490 _aবাএ ;
_v৪৭৬৮
650 _aশ্রেণীকরণ
_9126616
650 _aClassification
_9126617
830 _aবাএ ;
_v৪৭৬৮
_9126619
942 _2ddc
_cBK
999 _c41162
_d41162